Statistiques concernant Villes par descriptions #3

Cliquez ici pour prendre le quiz!

Statistiques générales

  • Ce quiz a été pris 104 fois
    (61 depuis la dernière actualisation)
  • Le résultat moyen est 11 sur 15

Statistiques - réponses

DescriptionVilles% Correct
Ville de Big BenLondres
98%
Capitale du 2ème plus grand pays d'Amérique du NordWashington
95%
Capitale du pays ou est le Macchu PicchuLima
93%
Capitale du pays dont Justin Trudeau est présidentOttawa
93%
Capitale du pays de la naissance de Zinédine ZidaneParis
93%
Capitale du pays de DraculaBucarest
89%
Capitale du 2ème pays pays le plus peupléNew Delhi
85%
Capitale du premier pays d'Europe en ordre alphabétiqueTirana
73%
Seule capitale commençant par la lettre IIslamabad
65%
Ville ayant accueilli les Jeux Olympiques de 2004Athènes
64%
Capitale du pays ayant gagné la coupe du monde de soccer en 1930Montevideo
64%
Ville ayant gagné la ligue des Champions en 1975Munich
53%
Ancienne capitale du KazakhstanAlmaty
38%
Capitale de NauruYaren
31%
Ville de l'équipe de hockey KingsLos Angeles
25%

Distribution des résultats

Percentile par nombre de réponses

% des personnes avec chaque résultat

Votre développement - résultats

Vous n’avez pas pris ce quiz depuis la dernière actualisation